SAGE directions in organization studies (Registro nro. 166888)

Detalles MARC
000 -ENCABEZADO
Número de control [NR] 00736 a2200205 4500
008 - DE LONGITUD FIJA DE DATOS DE ELEMENTOS - INFORMACIÓN GENERAL
Elementos de longitud fija [NR] 130821s2010 enk gr eng
020 ## - NUMERO INTERNACIONAL NORMALIZADO PARA LIBROS [R]
Número Internacional Normalizado del libro [NR] 9781848608689
040 ## - FUENTE DE CATALOGACION [NR]
Agencia de catalogación original [NR] CO-BoUCM
Idioma de catalogación [NR] spa
Quien Cataloga
Quien Clasifica Aldemar Mondragón
041 00 - CODIGO DE IDIOMA [R]
Código de idioma para texto/pista de sonido o título separado [R] Inglés
245 00 - MENCION DE TITULO [NR]
Título [NR] SAGE directions in organization studies
Mención de responsabilidad, etc. [NR] editado por Stewart R. Clegg
260 ## - PUBLICACION, DISTRIBUCION, ETC. (PIE DE IMPRENTA) [R]
Lugar de publicación, distribución, etc. [R] Londres (Inglaterra)
Nombre del editor, distribuidor, etc. [R] SAGE
Fecha de publicación, distribución, etc. [R] 2010
300 ## - DESCRIPCION FISICA [R]
Extensión [R] 4 volúmenes
504 ## - NOTA DE BIBLIOGRAFIA, ETC. [R]
Nota de bibliografía, etc. [NR] Incluye referencias bibliográficas
650 #7 - ASIENTO SECUNDARIO DE MATERIA - TERMINO TEMATICO [R]
Término temático o nombre geográfico como elemento de entrada [NR] Administración
Subdivisión general [R] Investigaciones
9 (RLIN) 40012
650 #7 - ASIENTO SECUNDARIO DE MATERIA - TERMINO TEMATICO [R]
Término temático o nombre geográfico como elemento de entrada [NR] Comportamiento organizacional
9 (RLIN) 11292
690 ## - ASUNTO AGREGADO LOCAL DE ENTRADA - TÉRMINO TEMÁTICO (OCLC, RLIN)
Acceso temático local Administración de empresas
700 1# - ASIENTO SECUNDARIO - NOMBRE PERSONAL [R]
Nombre personal [NR] Clegg, Stewart R.
9 (RLIN) 40146
942 ## - ELEMENTOS DE ENTRADA AGREGADOS (KOHA)
Tipo de ítem principal el descrito en 300a Libro
Tema principal Administración
Edición 1
Parte restante de la signatura top. S129
Sistema de clasificación DEWEY
Clasificación 658.001
Existencias
Signatura topográfica Código de barras Última vez visto Volúmen / Fascículo Ejemplar Costo de reposición Price effective from Tipo de ítem Perdido Sistema de clasificación Dañado No prestable Tipo de ítem específico Suprimido Ubicación habitual Ubicación actual Localización Fecha de creación Proveedor Forma de adquisición Costo
658.001 S129 100133061 03/12/2024 V.1 Ej.1 472875.00 19/06/2013 Libro   DEWEY     Libro   Bodega Bodega 5to piso 19/06/2013 15 Compra 472875.00
658.001 S129 100133060 03/12/2024 V.2 Ej.1 472875.00 19/06/2013 Libro   DEWEY     Libro   Bodega Bodega 5to piso 19/06/2013   Compra 472875.00
658.001 S129 100133059 03/12/2024 V.3 Ej.1 472875.00 19/06/2013 Libro   DEWEY     Libro   Bodega Bodega 5to piso 19/06/2013   Compra 472875.00
658.001 S129 100133058 03/12/2024 V.4 Ej.1 472875.00 19/06/2013 Libro   DEWEY     Libro   Bodega Bodega 5to piso 19/06/2013   Compra 472875.00